| 000 | 00627nam a2200193 a 4500 | ||
|---|---|---|---|
| 001 | 000043195 | ||
| 005 | 20201002040719.0 | ||
| 008 | 140224s2008 ag 000 0 spa d | ||
| 020 | _a9789500826037 | ||
| 040 |
_aDO-SdBNP _bspa _cBNPHU |
||
| 041 | 1 | 7 |
_aspa _heng |
| 100 | 1 |
_aGreene, Robert. _970788 |
|
| 245 | 1 | 4 |
_aLas 48 leyes del poder / _cRobert Greene ; traducción de Ana Bustelo y César Vidal. |
| 260 |
_aBuenos Aires : _bAtlántida, _c2008. _bil.,. |
||
| 300 |
_a213 p. ; _c19 cm. |
||
| 700 | 1 |
_aElffers, Joost, _eed. _970789 |
|
| 700 | 1 |
_aBustelo, Ana _etr. _970790 |
|
| 700 | 1 |
_aVidal Manzanares, César _d1958- _etr. _946846 |
|
| 999 |
_c42684 _d42684 |
||